Klicke die Städte im Vereinigten Königreich auf einer Karte - Statistiken

Allgemein
  • Dieses Quiz wurde 100 mal gespielt
  • Das Durchschnittsergebnis liegt bei 14 aus 20
Antworten auf der Karte
Die Antworten werden auf der Karte rot bzw. grün angezeigt, abhängig davon wie oft sie richtig erraten wurden.
 
Antwortstatistiken
Antwort % Korrekt
London
90%
Belfast
84%
Inverness
79%
Liverpool
78%
Manchester
78%
Southampton
78%
Edinburgh
76%
Cardiff
74%
Bristol
72%
Glasgow
72%
Aberdeen
71%
Plymouth
71%
Newcastle upon Tyne
69%
Cambridge
66%
Kingston upon Hull
62%
Nottingham
62%
Birmingham
60%
Douglas
60%
Norwich
52%
Leeds
45%
Keine übereinstimmenden Quizze gefunden
Verteilung der Resultate
Anzahl Personen mit jedem Resultat
Perzentil nach korrekt beantworteten Fragen
Ihre Resultats-Entwicklung
Sie haben dieses Quiz noch nicht gespielt